[Event "DEN-chT XtraCon 2018-19"]
[Site "Denmark"]
[Date "2019.03.17"]
[Round "9"]
[White "Skytte Hagen, Andreas"]
[Black "Papp, Gabor"]
[Result "0-1"]
[WhiteElo "2367"]
[BlackElo "2599"]
[Annotator "TA"]
[PlyCount "136"]
[EventDate "2018.10.27"]
[EventType "team-tourn"]
[EventCountry "DEN"]
[SourceTitle "playchess.com"]
[Source "ChessBase"]
[SourceQuality "1"]

{[%evp 24,136,46,35,56,49,50,40,37,40,22,45,64,28,18,0,0,0,34,0,0,0,0,0,0,0,0,-48,-37,-31,0,0,0,-14,-18,-24,-23,-24,-21,-24,-23,-23,-23,-23,-20,-20,-16,-15,-11,-19,0,-22,-20,-51,-51,-51,-51,-47,-50,-54,0,-43,-20,-20,-20,-20,-20,-30,-32,-19,-17,-14,-21,-22,-15,-56,-56,-54,-53,-46,0,0,0,0,0,0,0,0,0,0,0,0,0,-950,-950,-950,-943,-1120,-1100,-1489,-1566,-29976,-29977,-29978,-29979,-29979,-29978,-29980,-29981,-29984,-29985,-29985,-29986,-29985,-29976]} 1. e4 c5 2. Nf3 d6 3. d4 cxd4 4. Nxd4 Nf6 5. Nc3 Nc6 6. Bg5 e6 7. Qd2 a6 8. O-O-O Bd7 9. f4 b5 10. Bxf6 gxf6 11. Kb1 Qb6 12. Nxc6 Bxc6 13. f5 Qc5 {B67: Sicilian: Richter-Rauzer: 7...a6 8 0-0-0 Bd7, lines without 9 f4 Be7} 14. Bd3 h5 15. fxe6 fxe6 {White is slightly better.} 16. Rhf1 b4 (16... Rh6 17. e5 dxe5 {1-0 (35) Inarkiev,E (2693)-Zhou,W (2597) China 2018}) 17. Ne2 Bh6 18. Qe1 $1 Ke7 $1 19. Nf4 Bxf4 $1 20. Rxf4 Rhf8 $146 ({Predecessor:} 20... a5 21. Qh4 {½-½ (29) Saitou,A (2213)-Dzhafarov,K (2180) ICCF email 2013}) 21. Qh4 (21. e5 $5 Qxe5 22. Qf2 $11) 21... Qg5 22. Qf2 Qc5 23. Qh4 Qe5 24. Rdf1 a5 {[%cal Ba6a5,Ba5a4,Ba4a3][%mdl 32]} 25. Be2 a4 {White must now prevent ...a3.} 26. Qxh5 a3 {[%csl Ga3][%cal Re5b2]} 27. Qxe5 dxe5 28. Rh4 Rh8 29. Rxh8 Rxh8 $11 {[%mdl 4096] Endgame KRB-KRB} 30. Bf3 Rxh2 31. bxa3 bxa3 32. Kc1 Rh8 33. Re1 Ra8 34. Re3 Ra4 35. Kd2 Kd6 36. Kc3 Rd4 37. Kb3 Ba4+ 38. Kxa3 {aiming for c3.} Bxc2 39. Kb2 Ba4 40. Kc3 Bc6 41. Kc2 Ba4+ 42. Kc3 $1 Bb5 43. Be2 Bc6 44. Bd3 Ra4 45. Bc4 f5 46. exf5 exf5 47. g3 Ra7 48. Bb3 Ra8 49. Kc4 Bd5+ 50. Kc3 $1 Rc8+ 51. Kd2 e4 52. a4 Rh8 53. Bxd5 Kxd5 {KR-KR} 54. Rb3 Rh2+ 55. Ke3 Rg2 56. Rb5+ Ke6 {Threatens to win with ...Kf6.} 57. Kf4 Rf2+ 58. Ke3 $2 {[%mdl 8192]} (58. Kg5 $11) 58... Rf3+ $19 {[%mdl 64] Double Attack} 59. Kd4 Rd3+ 60. Kc4 Rxg3 61. Rb1 Ke5 62. Ra1 f4 {Black mates.} 63. a5 f3 64. a6 Rg8 65. Kc3 f2 66. Rf1 {[#]} e3 $1 67. Kd3 {[#]} Kf4 $1 68. a7 Rd8+ {Accuracy: White = 70%, Black = 69%.} 0-1

[Event "DEN-chT XtraCon 2018-19"]
[Site "Denmark"]
[Date "2019.03.17"]
[Round "9"]
[White "Hoi, Carsten"]
[Black "Christensen, Stefan"]
[Result "1-0"]
[WhiteElo "2359"]
[BlackElo "2255"]
[Annotator "NA"]
[PlyCount "69"]
[EventDate "2018.10.27"]
[EventType "team-tourn"]
[EventCountry "DEN"]
[SourceTitle "playchess.com"]
[Source "ChessBase"]
[SourceQuality "1"]
[TimeControl "40/5400+30:1800+30"]

1. Nf3 {[%emt 0:00:00]} Nf6 {[%emt 0:00:00]} 2. c4 {[%emt 0:00:00]} b6 {[%emt 0:00:25]} 3. Nc3 {[%emt 0:00:48]} Bb7 {[%emt 0:00:21]} 4. d4 {[%emt 0:00:16]} e6 {[%emt 0:00:54]} 5. a3 {[%emt 0:01:58]} d5 {[%emt 0:01:09]} 6. Bg5 {[%emt 0:02:20]} Be7 {[%emt 0:04:01]} 7. e3 {[%emt 0:07:32]} O-O {[%emt 0:00:52]} 8. Bd3 {[%emt 0:02:43]} dxc4 {[%emt 0:04:35]} 9. Bxc4 {[%emt 0:00:16]} Nbd7 {[%emt 0:01:07]} 10. O-O {[%emt 0:02:34]} c5 {[%emt 0:02:30] E12: Queen's Indian: Unusual White 4th moves, 4 a3, 4 Nc3 Bb7 5 a3 and 4 Nc3 Bb7} 11. Qe2 {[%emt 0:05:09]} cxd4 {[%emt 0:02:45]} (11... Ne4 12. Nxe4 Bxe4 13. Bxe7 Qxe7 14. Rfd1 Bxf3 15. Qxf3 cxd4 16. Bb5 Nf6 17. Rxd4 Rad8 18. Rxd8 Rxd8 {½-½ (30) Kamsky,G (2762)-Karjakin,S (2775) Tashkent 2012}) 12. exd4 {[%emt 0:02:03]} Re8 {[%emt 0:05:40]} 13. Rfd1 $146 {[%emt 0:07:31]} ({Predecessor:} 13. Rad1 Nd5 14. Bxd5 Bxd5 15. Nxd5 exd5 16. Bxe7 Rxe7 17. Qb5 Nf6 18. Ne5 {½-½ (32) Demina,J (2330)-Iljushina,O (2281) Sochi 2007}) 13... Nd5 {[%emt 0:09:48]} 14. Bxd5 {[%emt 0:07:06]} Bxd5 {[%emt 0:01:55]} 15. Nxd5 {[%emt 0:03:24]} exd5 {[%emt 0:00:27]} 16. Bxe7 {[%emt 0:00:59]} Qxe7 {[%emt 0:07:33]} 17. Qb5 {[%emt 0:08:12]} Qd6 {[%emt 0:02:59]} 18. Rac1 {[%emt 0:00:25]} Rac8 {[%emt 0:04:29]} 19. g3 {[%emt 0:02:40]} f6 {[%emt 0:11:17]} 20. Qa6 {[%emt 0:03:26]} Rc7 {[%emt 0:05:47]} 21. Rxc7 {[%emt 0:06:07]} Qxc7 {[%emt 0:00:07]} 22. Qb5 {[%emt 0:00:27]} Qb7 $1 {[%emt 0:04:00]} 23. Rc1 {[%emt 0:02:21]} Re6 {[%emt 0:04:35]} 24. Nh4 {[%emt 0:11:55]} g6 {[%emt 0:02:58]} 25. Ng2 $16 {[%emt 0:00:35]} Re4 {[%emt 0:09:19]} 26. Qb4 {[%emt 0:06:09]} Ne5 {[%emt 0:04:40]} 27. Qd6 {[%emt 0:04:03]} Nc4 {[%emt 0:02:48]} 28. Qxf6 {[%emt 0:05:04]} Qf7 {[%emt 0:01:58]} 29. Qg5 {[%emt 0:02:54]} Rxd4 {[%emt 0:01:35]} 30. b3 {[%emt 0:03:08]} Nd6 {[%emt 0:00:31]} 31. Qe5 {[%emt 0:01:46]} Rd2 {[%emt 0:02:59]} 32. Nf4 {[%emt 0:00:02]} Qf8 {[%emt 0:01:15]} 33. Rc7 {[%emt 0:01:06]} Nf7 {[%emt 0:00:38]} 34. Qe6 {[%emt 0:00:48]} Kg7 {[%emt 0:00:23]} 35. Qe1 {[%emt 0:00:52]} 1-0

[Event "DEN-chT XtraCon 2018-19"]
[Site "Denmark"]
[Date "2019.03.17"]
[Round "9"]
[White "Haubro, Martin"]
[Black "Kristensen, Bjarke Hautop"]
[Result "1-0"]
[WhiteElo "2358"]
[BlackElo "2223"]
[Annotator "NA"]
[PlyCount "129"]
[EventDate "2018.10.27"]
[EventType "team-tourn"]
[EventCountry "DEN"]
[SourceTitle "playchess.com"]
[Source "ChessBase"]
[SourceQuality "1"]
[TimeControl "40/5400+30:1800+30"]

1. e4 {[%emt 0:00:00]} c5 {[%emt 0:00:00]} 2. Nf3 {[%emt 0:00:00]} Nc6 {[%emt 0:00:00]} 3. d4 {[%emt 0:00:00]} cxd4 {[%emt 0:00:00]} 4. Nxd4 {[%emt 0:00:00]} e5 {[%emt 0:00:00]} 5. Nb5 {[%emt 0:00:00]} d6 {[%emt 0:00:05]} 6. c4 {[%emt 0:00:00]} Be7 {[%emt 0:00:13]} 7. N1c3 {[%emt 0:00:00]} a6 {[%emt 0:00:08]} 8. Na3 {[%emt 0:00:00]} Be6 {[%emt 0:00:17]} 9. Nc2 {[%emt 0:01:11]} Rc8 {[%emt 0:00:33]} 10. b3 {[%emt 0:15:55]} Nf6 {[%emt 0:00:09]} 11. Be2 {[%emt 0:01:39] B32: Sicilian: Löwenthal and Kalashnikov Variations} O-O {[%emt 0:00:06]} 12. Bb2 {[%emt 0:01:53]} (12. a4 b5 13. axb5 axb5 14. Nxb5 Nxe4 15. O-O d5 16. cxd5 Qxd5 17. Bc4 Qxd1 18. Rxd1 {½-½ (18) Kramnik,V (2759)-Radjabov,T (2756) Baku 2009}) 12... b5 {[%emt 0:00:05]} 13. cxb5 {[%emt 0:19:16]} axb5 {[%emt 0:00:09]} 14. Bf3 {[%emt 0:18:46]} Qb6 {[%emt 0:17:08]} 15. O-O {[%emt 0:00:25]} b4 {[%emt 0:04:36]} 16. Nd5 {[%emt 0:00:13]} Bxd5 {[%emt 0:00:05]} 17. exd5 {[%emt 0:00:05]} Na5 $146 {[%emt 0:00:09]} ({Predecessor:} 17... Nb8 18. Ne3 Rfe8 {0-1 (47) Edouard,R (2221)-Gregoire,S (2280) Cannes 2005}) 18. Qd2 {[%emt 0:06:02]} Rb8 $1 {[%emt 0:00:32]} 19. Ne3 {[%emt 0:02:11]} g6 {[%emt 0:01:53]} 20. Rfc1 {[%emt 0:02:25]} Nd7 {[%emt 0:11:27]} 21. Bd1 {[%emt 0:07:24]} Nc5 {[%emt 0:07:32]} 22. Nc4 {[%emt 0:02:18]} Nxc4 {[%emt 0:01:16]} 23. Rxc4 {[%emt 0:00:04]} f5 {[%emt 0:09:29]} 24. Bc2 {[%emt 0:01:21]} Rfc8 {[%emt 0:02:27]} 25. Rc1 {[%emt 0:01:17]} Rf8 {[%emt 0:07:52]} 26. Bb1 {[%emt 0:01:54]} Bf6 {[%emt 0:00:29]} 27. Kh1 {[%emt 0:03:40]} f4 $11 {[%emt 0:00:17]} 28. Qe2 {[%emt 0:02:08]} Kg7 {[%emt 0:08:06]} 29. Qg4 {[%emt 0:00:16]} Qb7 {[%emt 0:01:02]} 30. Rd1 {[%emt 0:00:18]} Rf7 {[%emt 0:01:58]} 31. g3 {[%emt 0:01:29]} Rbf8 {[%emt 0:05:36]} 32. gxf4 {[%emt 0:01:12]} exf4 {[%emt 0:00:05]} 33. Bc1 {[%emt 0:02:48]} Be5 {[%emt 0:00:35]} 34. Qf3 {[%emt 0:00:40]} Rf6 {[%emt 0:03:55]} 35. Bd2 {[%emt 0:00:34]} Na6 {[%emt 0:03:01]} 36. Rdc1 {[%emt 0:01:37]} R8f7 {[%emt 0:00:39]} 37. Be4 {[%emt 0:01:15]} Bb2 {[%emt 0:06:18]} 38. R1c2 {[%emt 0:00:04]} Be5 {[%emt 0:00:05]} 39. Qh3 {[%emt 0:00:19]} Qb5 {[%emt 0:03:50]} 40. Bf3 {[%emt 0:00:45]} Rf5 {[%emt 0:01:25]} 41. Qf1 {[%emt 0:38:10]} Rg5 {[%emt 0:07:27]} 42. Qe1 {[%emt 0:00:00]} Qd7 {[%emt 0:02:09]} 43. Qf1 {[%emt 0:00:00]} Qb5 {[%emt 0:02:56]} 44. h4 {[%emt 0:00:00]} Rgf5 {[%emt 0:00:05]} 45. Qh3 {[%emt 0:00:00]} h6 {[%emt 0:10:29]} 46. Kg1 {[%emt 0:00:00]} R5f6 {[%emt 0:03:40]} 47. Qc8 {[%emt 0:00:00]} Nc5 {[%emt 0:02:55]} 48. Qc6 {[%emt 0:00:00]} Qb8 {[%emt 0:00:23]} 49. Rxb4 {[%emt 0:00:00]} Qd8 {[%emt 0:01:15]} 50. Bg4 {[%emt 0:00:00]} h5 {[%emt 0:01:03]} 51. Bh3 {[%emt 0:00:00]} g5 {[%emt 0:00:04]} 52. Qc8 {[%emt 0:00:27]} Qe7 {[%emt 0:01:18]} 53. Be6 {[%emt 0:03:05]} gxh4 {[%emt 0:04:45]} 54. Bxf7 {[%emt 0:00:28]} Rxf7 {[%emt 0:00:01]} 55. Qh3 {[%emt 0:01:00]} Rf6 {[%emt 0:00:42]} 56. Kf1 {[%emt 0:00:50]} Rg6 {[%emt 0:01:11]} 57. Bxf4 {[%emt 0:01:17]} Bxf4 {[%emt 0:01:21]} 58. Rxf4 {[%emt 0:00:05]} Qg5 {[%emt 0:00:03]} 59. Qf5 {[%emt 0:00:51]} Qg2+ {[%emt 0:01:15]} 60. Ke2 {[%emt 0:00:06]} Kh6 {[%emt 0:00:03]} 61. Rxh4 {[%emt 0:01:24]} Rg5 {[%emt 0:00:22]} 62. Qf6+ {[%emt 0:00:17]} Kh7 {[%emt 0:01:44]} 63. Qe7+ {[%emt 0:00:40]} Kg8 {[%emt 0:00:31]} 64. Qxd6 {[%emt 0:00:47]} Rxd5 {[%emt 0:01:33]} 65. Qg3+ {[%emt 0:00:09]} 1-0

[Event "DEN-chT XtraCon 2018-19"]
[Site "Denmark"]
[Date "2019.03.17"]
[Round "9"]
[White "Christensen, Tobias"]
[Black "Danielsen, Henrik"]
[Result "1/2-1/2"]
[WhiteElo "2351"]
[BlackElo "2493"]
[Annotator "TA"]
[PlyCount "88"]
[EventDate "2018.10.27"]
[EventType "team-tourn"]
[EventCountry "DEN"]
[SourceTitle "playchess.com"]
[Source "ChessBase"]
[SourceQuality "1"]

{[%evp 13,88,57,51,9,33,6,41,-20,22,0,22,-4,12,8,21,11,13,13,60,31,27,19,32,0,0,0,6,0,0,0,5,15,10,0,0,0,0,0,0,-8,-2,-12,0,0,0,0,0,0,0,0,0,0,0,0,7,0,7,8,8,8,8,0,16,16,54,16,54,14,16,0,0,0,0,0,0,0,0]} 1. d4 d6 2. Nf3 Nf6 3. c4 Nbd7 4. g3 e5 5. Bg2 Be7 6. O-O O-O 7. Nc3 c6 8. a4 $146 {A54: Old Indian Defence with Nf3, but without e4} ({Predecessor:} 8. e4 a6 9. a4 a5 10. h3 Re8 11. Be3 exd4 12. Nxd4 Nc5 13. Qc2 Bf8 14. Rad1 Qb6 15. g4 g6 16. g5 Nh5 17. f4 Be6 18. Nxe6 Rxe6 19. Qf2 f5 20. gxf6 Rxf6 21. f5 {½-½ (29) Sorokin,A (2522)-Khismatullin,D (2617) St Petersburg 2018}) 8... a5 9. b3 Re8 10. e3 (10. e4 $14) 10... Bf8 11. Qc2 g6 12. Ba3 exd4 13. exd4 Nb6 14. Rfe1 Bf5 15. Qd2 Qd7 16. Nh4 Bh3 17. Rxe8 Rxe8 18. Re1 Rxe1+ 19. Qxe1 Bxg2 20. Kxg2 Qe6 21. Nf3 (21. Qd2 {keeps more tension.} Bg7 22. Nd1 Qe4+ 23. Nf3 Qb1 24. Bxd6 Qxb3 25. Qb2) 21... Qxe1 22. Nxe1 d5 23. Bxf8 Kxf8 $11 {[%mdl 4096] Endgame KNN-KNN} 24. c5 Na8 25. f3 Nc7 26. Kf2 Ne6 27. Ke3 Nh5 28. Nd3 Nhg7 {[#] ...Nf5+ is the strong threat.} 29. g4 f6 30. Ne2 Ke7 31. Nef4 Nc7 32. Ne2 Kf7 33. h3 h5 34. Ng3 Nce6 35. f4 hxg4 36. hxg4 Ke7 37. Ne2 g5 38. f5 Nd8 39. Nf2 Nf7 40. Ng3 Ne8 {The position is equal.} 41. Kd2 Nc7 42. Nf1 Na6 43. Nd3 Kd7 44. Ne3 Nh6 {Accuracy: White = 26%, Black = 52%.} 1/2-1/2

[Event "DEN-chT XtraCon 2018-19"]
[Site "Denmark"]
[Date "2019.03.17"]
[Round "9"]
[White "Kjems Hove, Esben"]
[Black "Rewitz, Poul"]
[Result "1-0"]
[WhiteElo "2315"]
[BlackElo "2227"]
[Annotator "NA"]
[PlyCount "127"]
[EventDate "2018.10.27"]
[EventType "team-tourn"]
[EventCountry "DEN"]
[SourceTitle "playchess.com"]
[Source "ChessBase"]
[SourceQuality "1"]
[TimeControl "40/5400+30:1800+30"]

1. d4 {[%emt 0:00:00]} Nf6 {[%emt 0:00:00]} 2. g3 {[%emt 0:01:21]} g6 {[%emt 0:00:45]} 3. Bg2 {[%emt 0:00:11]} Bg7 {[%emt 0:00:07]} 4. Nf3 {[%emt 0:00:47]} O-O {[%emt 0:00:59]} 5. O-O {[%emt 0:00:05]} d5 {[%emt 0:01:00]} 6. c4 {[%emt 0:01:11]} c6 {[%emt 0:00:45]} 7. Qb3 {[%emt 0:00:52]} a5 {[%emt 0:04:47]} 8. cxd5 {[%emt 0:03:12]} a4 {[%emt 0:01:26]} 9. Qd1 {[%emt 0:00:30]} Nxd5 {[%emt 0:05:09]} 10. e4 {[%emt 0:01:26]} Nb6 {[%emt 0:01:14]} 11. Na3 {[%emt 0:06:43]} Bg4 {[%emt 0:07:30]} 12. Be3 {[%emt 0:03:45]} N8d7 {[%emt 0:09:06]} 13. Qc2 {[%emt 0:09:34]} Bxf3 {[%emt 0:10:01]} 14. Bxf3 {[%emt 0:00:54]} e6 {[%emt 0:00:33]} 15. Rad1 {[%emt 0:11:22]} Qe7 {[%emt 0:01:01]} 16. Bg2 {[%emt 0:03:55]} Qb4 {[%emt 0:01:36]} 17. Qc3 {[%emt 0:05:24]} Qa5 {[%emt 0:09:00]} 18. Rfe1 {[%emt 0:13:56]} Rfc8 {[%emt 0:00:51]} 19. Bd2 {[%emt 0:07:30]} Qxc3 {[%emt 0:01:58]} 20. Bxc3 {[%emt 0:01:44]} Bf8 {[%emt 0:02:01]} 21. Nb1 {[%emt 0:00:24]} Nc4 {[%emt 0:09:08]} 22. d5 {[%emt 0:05:57]} Nc5 {[%emt 0:01:27]} 23. dxe6 {[%emt 0:05:23]} Nxe6 {[%emt 0:00:47]} 24. Bf1 {[%emt 0:03:01]} Nd6 {[%emt 0:01:29]} 25. Be5 {[%emt 0:02:54]} Nb5 {[%emt 0:02:29]} 26. Bc4 {[%emt 0:02:23]} Re8 {[%emt 0:01:08]} 27. Bf6 {[%emt 0:01:02]} Nd6 {[%emt 0:02:09]} 28. Bf1 {[%emt 0:00:15]} Nc5 {[%emt 0:02:09]} 29. f3 {[%emt 0:01:20]} b5 {[%emt 0:04:27]} 30. Nc3 {[%emt 0:03:11]} Nd7 {[%emt 0:02:22]} 31. Bg5 {[%emt 0:01:01]} Ne5 {[%emt 0:01:07]} 32. Kg2 {[%emt 0:00:03]} Re6 {[%emt 0:04:21]} 33. Bc1 {[%emt 0:02:23]} Rae8 {[%emt 0:06:23]} 34. f4 {[%emt 0:02:20]} Nec4 {[%emt 0:01:59]} 35. e5 {[%emt 0:00:13]} Nb6 {[%emt 0:00:50]} 36. Re2 {[%emt 0:00:26]} Ndc4 {[%emt 0:01:57]} 37. Ne4 {[%emt 0:00:35]} Bg7 {[%emt 0:00:49]} 38. b3 {[%emt 0:00:20]} axb3 {[%emt 0:02:39]} 39. axb3 {[%emt 0:00:05]} Nxe5 {[%emt 0:00:42]} 40. Nc5 {[%emt 0:01:00]} Ng4 {[%emt 0:00:57]} 41. Nxe6 {[%emt 0:30:26]} fxe6 {[%emt 0:30:29]} 42. Rd6 {[%emt 0:00:00]} Kf7 {[%emt 0:00:00]} 43. Rxc6 {[%emt 0:00:00]} Nd5 {[%emt 0:00:00]} 44. h3 {[%emt 0:00:00]} Nh6 {[%emt 0:00:00]} 45. Ra2 {[%emt 0:00:00]} Bd4 {[%emt 0:00:00]} 46. Bxb5 {[%emt 0:00:00]} Re7 {[%emt 0:00:00]} 47. Ra4 {[%emt 0:00:00]} Bg7 {[%emt 0:00:00]} 48. Bc4 {[%emt 0:00:00]} Nf5 {[%emt 0:00:00]} 49. g4 {[%emt 0:00:00]} Nd4 {[%emt 0:00:00]} 50. Rd6 {[%emt 0:00:00]} Nc3 {[%emt 0:00:00]} 51. Ra8 {[%emt 0:00:00]} Nde2 {[%emt 0:00:37]} 52. Be3 {[%emt 0:00:00]} Ne4 {[%emt 0:01:03]} 53. Rda6 {[%emt 0:00:00]} Nd4 {[%emt 0:01:25]} 54. R8a7 {[%emt 0:00:00]} Nc5 {[%emt 0:01:19]} 55. Rxe7+ {[%emt 0:00:00]} Kxe7 {[%emt 0:00:06]} 56. Ra7+ {[%emt 0:00:00]} Nd7 {[%emt 0:00:39]} 57. Rb7 {[%emt 0:00:40]} Kd6 {[%emt 0:01:00]} 58. Ra7 {[%emt 0:02:25]} Nc6 {[%emt 0:00:24]} 59. Ra8 {[%emt 0:00:30]} Bc3 {[%emt 0:00:33]} 60. Kf3 {[%emt 0:01:35]} h5 {[%emt 0:00:59]} 61. Bb5 {[%emt 0:01:22]} hxg4+ {[%emt 0:01:14]} 62. hxg4 {[%emt 0:00:06]} e5 {[%emt 0:00:19]} 63. Bxc6 {[%emt 0:00:12]} Kxc6 {[%emt 0:00:09]} 64. Rc8+ {[%emt 0:00:06]} 1-0

[Event "DEN-chT XtraCon 2018-19"]
[Site "Denmark"]
[Date "2019.03.17"]
[Round "9"]
[White "Thogersen, Rasmus"]
[Black "Aabling-Thomsen, Jakob"]
[Result "1-0"]
[WhiteElo "2298"]
[BlackElo "2369"]
[Annotator "NA"]
[PlyCount "119"]
[EventDate "2018.10.27"]
[EventType "team-tourn"]
[EventCountry "DEN"]
[SourceTitle "playchess.com"]
[Source "ChessBase"]
[SourceQuality "1"]
[TimeControl "40/5400+30:1800+30"]

1. e4 {[%emt 0:00:00]} e5 {[%emt 0:00:00]} 2. Nf3 {[%emt 0:00:00]} Nc6 {[%emt 0:00:57]} 3. Bc4 {[%emt 0:01:44]} Be7 {[%emt 0:06:34]} 4. d4 {[%emt 0:00:35]} d6 {[%emt 0:01:00]} 5. dxe5 {[%emt 0:00:20]} Nxe5 {[%emt 0:01:04]} (5... dxe5 $14 6. Qxd8+ Bxd8) 6. Nxe5 {[%emt 0:00:24]} dxe5 {[%emt 0:00:03]} 7. Qh5 {[%emt 0:00:13]} g6 {[%emt 0:15:10]} 8. Qxe5 {[%emt 0:00:24]} Nf6 {[%emt 0:02:24]} 9. Bh6 {[%emt 0:00:06]} Qd6 {[%emt 0:01:57]} 10. Qxd6 {[%emt 0:00:16]} cxd6 {[%emt 0:00:15]} 11. Nc3 {[%emt 0:00:42]} Be6 {[%emt 0:02:27] C41: Philidor Defence} 12. Bb5+ {[%emt 0:08:41]} Kd8 {[%emt 0:02:17]} 13. f3 {[%emt 0:10:41]} Kc7 {[%emt 0:09:06]} (13... a6 14. Ba4 Kc7 15. O-O-O Rhd8 16. Rhe1 Nd7 17. Bxd7 (17. Bb3 Rac8 18. Nd5+ Bxd5 19. Bxd5 {1-0 (46) Ochsner,T (2326)-Schou Moldt,T (2144) Denmark 2016}) 17... Kxd7 18. Nd5 Bxd5 19. Rxd5 {1-0 (51) Malakhov,V (2696)-Moskalenko,A (2460) Moscow 2014}) 14. O-O-O {[%emt 0:02:13]} Rhg8 $146 {[%emt 0:02:58]} ({Predecessor:} 14... a6) 15. h4 {[%emt 0:05:59]} Rad8 {[%emt 0:02:52]} 16. Bg5 {[%emt 0:08:19]} Rh8 {[%emt 0:08:24]} 17. Bh6 {[%emt 0:02:33]} Bf8 {[%emt 0:09:16]} 18. Bf4 {[%emt 0:10:09]} Be7 {[%emt 0:14:55]} 19. g4 {[%emt 0:04:10]} Kc8 {[%emt 0:04:38]} 20. Rd4 {[%emt 0:05:58]} a6 $18 {[%emt 0:03:51]} 21. Bc4 {[%emt 0:05:50]} Ne8 {[%emt 0:01:59]} 22. e5 {[%emt 0:02:54]} dxe5 {[%emt 0:02:00]} 23. Bxe6+ {[%emt 0:01:07]} fxe6 {[%emt 0:00:01]} 24. Rc4+ {[%emt 0:00:33]} Kb8 {[%emt 0:06:31]} 25. Bxe5+ {[%emt 0:00:07]} Nd6 {[%emt 0:00:02]} 26. Ne4 {[%emt 0:02:42]} Ka8 {[%emt 0:01:39]} 27. Nxd6 {[%emt 0:00:20]} Bxd6 {[%emt 0:00:07]} 28. Bxh8 {[%emt 0:00:04]} Rxh8 {[%emt 0:00:09]} 29. Kd2 {[%emt 0:03:49]} Bg3 {[%emt 0:00:58]} 30. Rh3 {[%emt 0:02:29]} Rd8+ {[%emt 0:00:16]} 31. Ke2 {[%emt 0:01:37]} Bb8 {[%emt 0:01:01]} 32. Rh1 {[%emt 0:00:49]} Bg3 {[%emt 0:00:21]} 33. Rh3 {[%emt 0:00:50]} Bb8 {[%emt 0:00:07]} 34. Re4 {[%emt 0:00:18]} Rd6 {[%emt 0:00:21]} 35. f4 {[%emt 0:00:48]} h5 {[%emt 0:00:13]} 36. gxh5 {[%emt 0:00:29]} gxh5 {[%emt 0:00:01]} 37. c4 {[%emt 0:01:31]} Rd7 {[%emt 0:00:50]} 38. Rg3 {[%emt 0:01:16]} Rf7 {[%emt 0:00:14]} 39. Rg8 {[%emt 0:00:53]} Ka7 {[%emt 0:00:06]} 40. Ke3 {[%emt 0:00:53]} Bd6 {[%emt 0:00:15]} 41. Rg6 {[%emt 0:32:12]} Be7 {[%emt 0:30:42]} 42. Rexe6 {[%emt 0:01:02]} Bxh4 {[%emt 0:00:57]} 43. Rh6 {[%emt 0:03:24]} Bg3 {[%emt 0:00:17]} 44. Ref6 {[%emt 0:00:28]} Re7+ {[%emt 0:01:23]} 45. Kf3 {[%emt 0:00:04]} h4 {[%emt 0:00:06]} 46. f5 {[%emt 0:01:01]} Rd7 {[%emt 0:00:00]} 47. Re6 {[%emt 0:00:00]} Rd4 {[%emt 0:00:00]} 48. Re4 {[%emt 0:00:00]} Rd3+ {[%emt 0:00:00]} 49. Kg4 {[%emt 0:00:00]} Rd2 {[%emt 0:00:00]} 50. f6 {[%emt 0:00:00]} Rxb2 {[%emt 0:00:00]} 51. Rh5 {[%emt 0:00:00]} Rg2 {[%emt 0:00:00]} 52. Rf5 {[%emt 0:00:00]} Bd6+ {[%emt 0:00:00]} 53. Kxh4 {[%emt 0:00:00]} Rxa2 {[%emt 0:00:00]} 54. c5 {[%emt 0:00:00]} Rh2+ {[%emt 0:00:00]} 55. Kg5 {[%emt 0:00:00]} Bf8 {[%emt 0:00:00]} 56. Re8 {[%emt 0:00:00]} Rg2+ {[%emt 0:00:00]} 57. Kh5 {[%emt 0:00:00]} Rg8 {[%emt 0:00:23]} 58. Rd5 {[%emt 0:00:00]} Rh8+ {[%emt 0:00:31]} 59. Kg4 {[%emt 0:00:00]} Rg8+ {[%emt 0:02:15]} 60. Kf5 {[%emt 0:00:00]} 1-0

[Event "DEN-chT XtraCon 2018-19"]
[Site "Denmark"]
[Date "2019.03.17"]
[Round "9"]
[White "Boe, Mads"]
[Black "Pedersen, Jan"]
[Result "1-0"]
[WhiteElo "2295"]
[BlackElo "2383"]
[Annotator "NA"]
[PlyCount "59"]
[EventDate "2018.10.27"]
[EventType "team-tourn"]
[EventCountry "DEN"]
[SourceTitle "playchess.com"]
[Source "ChessBase"]
[SourceQuality "1"]
[TimeControl "40/5400+30:1800+30"]

1. d4 {[%emt 0:00:00]} Nf6 {[%emt 0:00:07]} 2. Nf3 {[%emt 0:00:44]} d5 {[%emt 0:00:30]} 3. c4 {[%emt 0:00:08]} c6 {[%emt 0:06:37]} 4. cxd5 {[%emt 0:00:08]} cxd5 {[%emt 0:00:03]} 5. Nc3 {[%emt 0:00:12]} Nc6 {[%emt 0:00:12]} 6. Bf4 {[%emt 0:00:08]} a6 {[%emt 0:00:44]} 7. Rc1 {[%emt 0:00:08]} e6 {[%emt 0:00:39]} 8. e3 {[%emt 0:03:44]} Bd6 {[%emt 0:00:48]} 9. Bg5 {[%emt 0:01:36]} Bd7 {[%emt 0:02:24]} 10. Bd3 {[%emt 0:00:47]} h6 {[%emt 0:03:43]} 11. Bh4 {[%emt 0:00:12]} b5 {[%emt 0:06:46]} 12. O-O {[%emt 0:18:57]} Rc8 {[%emt 0:16:12]} 13. a4 {[%emt 0:40:26]} b4 {[%emt 0:01:02]} 14. Nb1 {[%emt 0:02:46]} Qb6 {[%emt 0:03:31]} 15. Nbd2 {[%emt 0:00:47]} Be7 {[%emt 0:16:56]} (15... a5 $14) 16. Qe2 {[%emt 0:01:51]} Ra8 {[%emt 0:05:45]} 17. Nb3 {[%emt 0:04:39]} O-O $18 {[%emt 0:09:55]} 18. Ne5 {[%emt 0:04:06]} g5 {[%emt 0:02:01]} 19. Nxd7 {[%emt 0:06:40]} Nxd7 {[%emt 0:00:07]} 20. Bg3 {[%emt 0:00:06]} f5 {[%emt 0:03:02]} 21. h3 {[%emt 0:01:46]} e5 {[%emt 0:03:55]} 22. Bxe5 {[%emt 0:02:23]} Ncxe5 {[%emt 0:00:27]} 23. dxe5 {[%emt 0:00:08]} Nxe5 {[%emt 0:00:13]} 24. a5 {[%emt 0:02:59]} Qf6 {[%emt 0:01:41]} 25. f4 {[%emt 0:02:33]} Ng6 {[%emt 0:02:00]} 26. Kh1 {[%emt 0:02:22]} g4 {[%emt 0:08:16]} 27. Nd4 {[%emt 0:00:13]} Nh4 {[%emt 0:03:10]} 28. Rc6 {[%emt 0:00:18]} Qg7 {[%emt 0:00:30]} 29. g3 {[%emt 0:01:20]} Nf3 {[%emt 0:00:19]} 30. Nxf5 {[%emt 0:00:20]} 1-0